Svinování lnu do obřích balíků a manipulace s nimi /

Hlavní autor: Binder, Miroslav, 1925-
Korporativní autor: Českomoravský len (firma)
Další autoři: Ošťádal, Vladimír
Jazyk: Čeština
Vydáno: Praha : Státní zemědělské nakladatelství, 1980
Vydání: 1. vyd
Fyzický popis: 55 s.
Knihy
Uloženo v:
LEADER 00907nam a22002652a 4500
001 001153429
003 CZ BrMZK
005 20110916084755.0
007 ta
008 110610s1980 xr er|||||||||||cze d
015 |a cnb000191559 
040 |a ABA001  |b cze  |d ABA001  |d BOA001 
080 9 |a 633.521:631.358 
100 1 |a Binder, Miroslav,  |d 1925-  |7 jk01012128  |4 aut 
245 1 0 |a Svinování lnu do obřích balíků a manipulace s nimi /  |c Miroslav Binder, Vladimír Ošťádal 
250 |a 1. vyd 
260 |a Praha :  |b Státní zemědělské nakladatelství,  |c 1980 
300 |a 55 s. 
550 |a Vydavatel: Českomoravský len, n.p. Humpolec 
700 1 |a Ošťádal, Vladimír  |4 aut 
710 2 |a Českomoravský len (firma)  |7 ko2003196057 
910 |a BOA001  |b 2-0829.932 
990 |a BK 
991 |b 201106 
996 6 |b 2619397824  |c 2-0829.932  |l MZK  |r Sklad / do 1 hodiny  |n 0  |w 001186331  |u 000010  |a 1  |e BOA001  |j MZK50  |s P